000 01213nam a2200229Ia 4500
999 _c37692
_d37692
001 3665
003 GE_BSU
005 20190624200648.0
008 181216s2009||||ge |||||||||||||| ||geo||
020 _a9789941409844
040 _cGE_BSU
041 _ageo
080 _a658(075.8) ჩ-12
100 _aჩაგანავა, პაატა
_91685
245 _aსახელმწიფოს მარეგულირებელი ფუნქციები წარმოების მართვაში :
_bსალექციო კურსი /
_cპაატა ჩაგანავა ; რედ. ნიკო ბაკაშვილი ; შოთა რუსთაველის სახელმწ. უნ-ტი.
264 _aბათუმი :
_bშოთა რუსთაველის სახელმწ. უნ-ტი,
_c2009.
300 _a237 გვ. :
_bნახ.;
_c20 სმ.
653 _aწარმოების მართვა
700 _aბაკაშვილი, ნიკო
_eრედაქტორი
_92860
710 _a შოთა რუსთაველის სახელმწ. უნ-ტი
_92861
942 _cBK
_2udc